Annals of the artists of Spain / (Record no. 165788)
[ view plain ]
| 000 -LEADER | |
|---|---|
| campo de control de longitud fija | 00757nam a2200193 i 4500 |
| 001 - NÚMERO DE CONTROL | |
| campo de control | 165788 |
| 003 - IDENTIFICADOR DE NÚMERO DE CONTROL | |
| campo de control | ES-MaACL |
| 005 - FECHA Y HORA DE LA ÚLTIMA TRANSACCIÓN | |
| campo de control | 20251014063241.0 |
| 008 - DATOS DE LONGITUD FIJA--INFORMACIÓN GENERAL | |
| campo de control de longitud fija | 010321s1848 xxk |||| | eng d |
| 040 ## - FUENTE DE CATALOGACIÓN | |
| Centro catalogador/agencia de origen | CCPB | B |
| Lengua de catalogación | spa |
| Centro/agencia transcriptor | CCPB | B |
| 100 1# - ENTRADA PRINCIPAL--NOMBRE DE PERSONA | |
| Nombre de persona | Stirling Maxwell, William, |
| Títulos y otros términos asociados al nombre | Sir, |
| Fechas asociadas al nombre | 1818-1878 |
| 9 (RLIN) | 129751 |
| 245 10 - MENCIÓN DEL TÍTULO | |
| Título | Annals of the artists of Spain / |
| Mención de responsabilidad, etc. | by William Stirling. |
| 260 ## - PUBLICACIÓN, DISTRIBUCIÓN, ETC. | |
| Lugar de publicación, distribución, etc. | London : |
| Nombre del editor, distribuidor, etc. | John Ollivier, |
| Fecha de publicación, distribución, etc. | 1848 ( |
| Fabricante | printed by T. Brettell) |
| 300 ## - DESCRIPCIÓN FÍSICA | |
| Extensión | 3 v. : |
| Otras características físicas | il. ; |
| Dimensiones | 23 cm. |
| 597 ## - NOTA DE DESCRIPCIÓN FÍSICA | |
| NOTA DE DESCRIPCIÓN FÍSICA | T. I (XLIII, 508 p., [3] h. de grab.) -- T. II (P. 509-948) -- T. III (P. 949-1481) |
| 650 #4 - PUNTO DE ACCESO ADICIONAL DE MATERIA--TÉRMINO DE MATERIA | |
| Término de materia o nombre geográfico como elemento de entrada | Artistas- |
| Subdivisión geográfica | España- |
| Subdivisión general | Biografías. |
| 9 (RLIN) | 165596 |
| 852 ## - LOCALIZACIÓN | |
| Ubicación | ES-MaACL |
| Número de control de estantería | G-11747-49 |
| Nota libre | -- Enc. hol. conservando la cub. original |
| Estatus retirado | Estado de pérdida | Estado de daño | No para préstamo | Colección | Biblioteca de origen | Biblioteca actual | Ubicación en estantería | Fecha de adquisición | Total de préstamos | Signatura topográfica completa | Código de barras | Visto por última vez | Precio de reemplazo | Tipo de ítem Koha |
|---|---|---|---|---|---|---|---|---|---|---|---|---|---|---|
| Libros del s. XIX | Biblioteca del Ateneo de Madrid | Biblioteca del Ateneo de Madrid | Sala Pecera Planta 3 | 17/01/2008 | G-11747-49 | 1173866 | 23/02/2023 | 23/02/2023 | Libro impreso antiguo |
